|
|
|
|
| LEADER |
00000nam0a2200000 4500 |
| 001 |
12594 |
| 005 |
20231030184427.0 |
| 010 |
|
|
|a 5738300602
|
| 035 |
|
|
|a (RuTPU)RU\TPU\book\12673
|
| 035 |
|
|
|a BOOK00012739
|
| 090 |
|
|
|a 12594
|
| 100 |
|
|
|a 20011209d1999 m y0rusy50 ca
|
| 101 |
0 |
|
|a rus
|
| 102 |
|
|
|a RU
|
| 105 |
|
|
|a y j 000zy
|
| 200 |
1 |
|
|a Русский язык в пословицах, поговорках, крылатых словах, афоризмах
|e учебное пособие
|f О. А. Хлебцова
|
| 210 |
|
|
|a Москва
|c Изд-во МНЭПУ
|d 1999
|
| 215 |
|
|
|a 248 с.
|
| 610 |
1 |
|
|a русский язык
|
| 610 |
1 |
|
|a грамматика
|
| 610 |
1 |
|
|a лексикология
|
| 610 |
1 |
|
|a учебные пособия
|
| 610 |
1 |
|
|a пословицы русские
|
| 610 |
1 |
|
|a поговорки русские
|
| 686 |
|
|
|a Ш141.2-923.3
|v LBC/SL-A
|2 rubbk
|
| 700 |
|
1 |
|a Хлебцова
|b О. А.
|g Ольга Александровна
|
| 801 |
|
0 |
|a RU
|b 63413507
|c 20011209
|g PSBO
|
| 801 |
|
2 |
|a RU
|b 63413507
|c 20131114
|g PSBO
|
| 942 |
|
|
|c BK
|